LIBRARY & INFORMATION CENTRE, KCAET, TAVANUR

ONLINE PUBLIC ACCESS CATALOGUE (OPAC)

In the Company of the Saints (Record no. 17767)

MARC details
000 -LEADER
fixed length control field 00356nam a22001457a 4500
003 - CONTROL NUMBER IDENTIFIER
control field OSt
008 - FIXED-LENGTH DATA ELEMENTS--GENERAL INFORMATION
fixed length control field 231028b |||||||| |||| 00| 0 eng d
041 ## - LANGUAGE CODE
Language code of text/sound track or separate title eng
245 ## - TITLE STATEMENT
Title In the Company of the Saints
250 ## - EDITION STATEMENT
Edition statement 1st
260 ## - PUBLICATION, DISTRIBUTION, ETC. (IMPRINT)
Place of publication Ahmedabad:
Name of publisher Navajeevan Publishing House,
Year of publication 1959.
300 ## - PHYSICAL DESCRIPTION
Number of Pages 56pages.
700 ## - ADDED ENTRY--PERSONAL NAME
Personal name Mallik, Gurdial
942 ## - ADDED ENTRY ELEMENTS (KOHA)
Koha item type Books

No items available.

free website counter